Wi-Fi. Jak zabezpečit bezdrátovou síť

Na minha lista:
Detalhes bibliográficos
Autor principal: Barken, Lee (Author)
Formato: Livro
Idioma:tcheco
Publicado em: Brno : Computer Press, 2003
Assuntos:
Tags: Adicionar Tag
Sem tags, seja o primeiro a adicionar uma tag!

MARC

LEADER 00000nam a22000003a 4500
001 stu113310
005 20150617225840.3
008 060308s2003----xr------------------cze-d
020 |a 80-251-0346-3 
040 |a STU  |b slo 
041 0 |a cze 
044 |a xr 
080 |a 681.3.06 
080 |a 681.324 
100 1 |a Barken, Lee  |4 aut 
245 1 |a Wi-Fi. Jak zabezpečit bezdrátovou síť 
260 |a Brno :  |b Computer Press,  |c 2003 
300 |a 174 s 
650 7 |a internet  |2 stusub 
996 |b 284EK86132  |c E*86132  |l EE01  |s A  |a 24  |w stu113310_0001 
996 |b 284IK06431  |c I*5LS7426  |l I  |s A  |a 24  |w stu113310_0002